Statistics for Dr. Horrible's Sing-Along Blog

Click here to take the quiz!

General Stats

  • This quiz has been taken 12 times
  • The average score is 9 of 20

Answer Stats

QuestionAnswer% Correct
Who played Dr. Horrible?Neil Patrick Harris
100%
What's a man gotta do?What a man's gotta do
100%
What event led to the creation of the musical?2007-2008 Writer's Guild of America Strike
80%
What organization did Dr. Horrible want to join?Evil League of Evil
80%
Who played Penny?Felicia Day
80%
Who played Captain Hammer?Nathan Fillion
80%
Who played Moist?Simon Helberg
80%
What organization does Penny work for?Caring Hands
60%
Who directed the musical?Joss Whedon
60%
What substance powers the Freeze Ray?Wonderflonium
60%
How many tracks are in the musical?14
40%
What was the spinoff musical, which supposedly "broke the ninth wall," called?Commentary! The Musical
40%
What was Captain Hammer's solo called?Everyone's a Hero
40%
Across how many days was it filmed?6
20%
True or false: it was the 1# TV season on iTunes for 6 weeksFalse
20%
Look at your answer to question 5. How many members are there?9
0%
Who played Bad HorseDobber
0%
On the DVD, what punishment does the warning at the beginning constitute for "extreme offense"?Five nails driven into the offender's skull and a fine
0%
Where does it take place?Los Angeles
0%
What was the Death Ray's original name?Stun Ray
0%

Score Distribution

Percentile by Number Answered

Percent of People with Each Score

Your Score History

You have not taken this quiz